005440000a22002290004500650001600000650002200016650002200038650001800060650001300078650002100091082001800112518001100130530000600141110006800147245002300215260002200238260000900260041000800269300001200277942000800289999001700297 aCommunities aRural communities aRural development aRural economy aTraining aResearch centres a307.72bC333c a980604 aR aCentre on Integrated Rural Development for Asia and the Pacific aCIRDAP report 1995 aDhakabCIRDAP, BD c1996 aEng av, 58p. cGEN c14407d14407